Rappeurs US : West Coast ou East Coast ? ~ Click Quiz - Statistiques

Statistiques générales
  • Ce quiz a été pris 162 fois
  • Le résultat moyen est 16 sur 24
Statistiques - réponses
Hint Réponse % Correct
Nas East Coast
87%
Dr Dre West Coast
86%
Method Man East Coast
79%
Jay-Z East Coast
76%
Kendrick Lamar West Coast
76%
Tupac West Coast
76%
Ghostface Killa East Coast
75%
Snoop Dogg West Coast
75%
The Notorious B.I.G. East Coast
73%
A$AP Rocky East Coast
69%
Ice Cube West Coast
68%
RZA East Coast
66%
Busta Rhymes East Coast
65%
Eazy-E West Coast
64%
Pig Pun East Coast
63%
Ice Spice East Coast
61%
Raekwon East Coast
61%
DMX East Coast
61%
50 Cent East Coast
59%
Tyler, The Creator West Coast
58%
YG West Coast
55%
MC Ren West Coast
55%
The Game West Coast
55%
Earl Sweatshirt West Coast
46%
Aucun quiz correspondant
Distribution des résultats
% des personnes avec chaque résultat
Percentile par nombre de réponses
Votre historique - résultats
Vous n’avez pas pris ce quiz